<?xml version="1.0" encoding="UTF-8"?><?xml-stylesheet type="text/xsl" href="static/style.xsl"?><OAI-PMH xmlns="http://www.openarchives.org/OAI/2.0/" xmlns:xsi="http://www.w3.org/2001/XMLSchema-instance" xsi:schemaLocation="http://www.openarchives.org/OAI/2.0/ http://www.openarchives.org/OAI/2.0/OAI-PMH.xsd"><responseDate>2026-04-26T21:59:57Z</responseDate><request verb="GetRecord" identifier="oai:uvadoc.uva.es:10324/70833" metadataPrefix="marc">https://uvadoc.uva.es/oai/request</request><GetRecord><record><header><identifier>oai:uvadoc.uva.es:10324/70833</identifier><datestamp>2025-01-28T07:59:57Z</datestamp><setSpec>com_10324_1129</setSpec><setSpec>com_10324_931</setSpec><setSpec>com_10324_894</setSpec><setSpec>col_10324_1193</setSpec></header><metadata><record xmlns="http://www.loc.gov/MARC21/slim" xmlns:doc="http://www.lyncode.com/xoai" xmlns:xsi="http://www.w3.org/2001/XMLSchema-instance" xmlns:dcterms="http://purl.org/dc/terms/" xsi:schemaLocation="http://www.loc.gov/MARC21/slim http://www.loc.gov/standards/marcxml/schema/MARC21slim.xsd">
<leader>00925njm 22002777a 4500</leader>
<datafield tag="042" ind1=" " ind2=" ">
<subfield code="a">dc</subfield>
</datafield>
<datafield tag="720" ind1=" " ind2=" ">
<subfield code="a">Molina Samper, Beatriz</subfield>
<subfield code="e">author</subfield>
</datafield>
<datafield tag="260" ind1=" " ind2=" ">
<subfield code="c">2022</subfield>
</datafield>
<datafield tag="520" ind1=" " ind2=" ">
<subfield code="a">We prove that the isolated invariant branches of a weak toric type generalized curve de fined over a projective toric ambient sur-&#xd;
faces extend to projective algebraic curves. To do it, we pass through the characterization of the weak toric type foliations in terms of "Newton non-degeneracy" conditions, in the classical sense of Kouchnirenko and Oka. Finally, under the strongest hypothesis of being a toric type foliation, we  nd that there is a dichotomy: Either it has rational fi rst integral but does not have isolated invariant branches or it has  finitely many global invariant curves and all of them are extending isolated invariant branches.</subfield>
</datafield>
<datafield tag="024" ind2=" " ind1="8">
<subfield code="a">Moscow Mathematical Journal, 2022, vol. 22, n.3, 493--520</subfield>
</datafield>
<datafield tag="024" ind2=" " ind1="8">
<subfield code="a">1609-4514</subfield>
</datafield>
<datafield tag="024" ind2=" " ind1="8">
<subfield code="a">https://uvadoc.uva.es/handle/10324/70833</subfield>
</datafield>
<datafield tag="024" ind2=" " ind1="8">
<subfield code="a">10.17323/1609-4514-2022-22-3-493-520</subfield>
</datafield>
<datafield ind1=" " ind2=" " tag="653">
<subfield code="a">Foliación</subfield>
</datafield>
<datafield tag="245" ind1="0" ind2="0">
<subfield code="a">Newton non-degenerate Foliations on Projective Toric Surfaces</subfield>
</datafield>
</record></metadata></record></GetRecord></OAI-PMH>